| 000 | 01017nam a2200289 a 4500 | ||
|---|---|---|---|
| 003 | AR-BaBNM | ||
| 005 | 20251128210842.0 | ||
| 008 | 082120s2002 ||||||||||||||000 | spa|| | ||
| 020 | _a950-99725-5-X | ||
| 040 | _cAR-BaBNM | ||
| 100 | 1 | _aAlfie, Rosa Gabriela | |
| 245 | 0 | 0 |
_aLa computación _buna herramienta educativa : nivel inicial |
| 260 |
_aBuenos Aires _bClasa _c1997 |
||
| 300 |
_a160 p. _btablas, fot., il. _edisquete |
||
| 500 | _aContiene material complementario para docentes y padres y apéndice especial sobre el uso del software | ||
| 500 | _aEl presente material se complementa con un disquette, solicitarlo en MEDIATECA. Su número de inventario es 750452. | ||
| 650 | 4 | _aENSEÑANZA DE LA INFORMATICA | |
| 650 | 4 | _aINFORMATICA | |
| 650 | 4 | _aENSEÑANZA POR COMPUTADORA | |
| 650 | 4 | _aMETODOS DE ENSEÑANZA | |
| 650 | 4 | _aACTIVIDADES DE APRENDIZAJE | |
| 650 | 4 | _aMATERIAL DIDACTICO | |
| 653 | _aESTRATEGIAS DIDACTICAS | ||
| 653 | _aEDUCACION INICIAL | ||
| 942 | _cBK | ||
| 998 | _cRaquel | ||
| 999 |
_c17181 _d17181 |
||